000 00598nam a2200217Ia 4500
003 OSt
005 20221007070222.0
006 a|||||r|||| 00| 0
007 ta
008 221006b |||||||| |||| 00| 0 eng d
024 _a18,626
037 _cReports / Technical Reports
040 _aFLL
_cFLL
_beng
041 _2eng
_aeng
082 _aZ1,215pN60, L2
245 0 _aConference of the law of the sea
260 _aGeneva
_bUnited Nations Geneva
_c1962
300 _a431p
_ccm.
942 _hZ1,215pN60, L2
_cREP
_2CC
999 _c1139847
_d1139847